| 000 | 01131nac a22003377a 4500 | ||
|---|---|---|---|
| 001 | BR8000404 | ||
| 003 | BR-BrBNA | ||
| 005 | 20240105114616.0 | ||
| 008 | 230509b bl.|||m| |||| 00| 0 por d | ||
| 040 |
_aBR-BrBNA _bpor _cBiblioteca Nacional de Agricultura |
||
| 072 | _aF00; H00; E15 | ||
| 090 | _a1410 BR8000404 | ||
| 100 | 1 | _aMoura, J.L.B. de | |
| 100 | 1 | _aOliveira, R.M.V.B. | |
| 110 | 1 |
_aCentro de Energia Nuclear na Agricultura, Piracicaba, SP (Brasil). Biblioteca _91480 |
|
| 245 | 1 | _aBibliografia de feijao (Phaseolus vulgaris L.)[Producao vegetal; Defesa vegetal; Economia agricola] | |
| 260 | 3 |
_aPiracicaba, SP (Brasil): _c1980. |
|
| 300 | _a50 p. | ||
| 490 |
_aPublicacao Especial - Centro de Energia Nuclear na Agricultura. Biblioteca (Brazil) _vno. 1 _x |
||
| 650 | _aProducao vegetal | ||
| 650 | _aDefesa vegetal | ||
| 650 | _aMicroeconomia | ||
| 650 | _aFeijao | ||
| 650 | _aPratica cultural | ||
| 650 | _aDoenca de planta | ||
| 650 | _aPraga de planta | ||
| 650 | _aEconomia agricola | ||
| 650 | _aBibliografia | ||
| 909 |
_a202312 _bLúcia Elande _c55 _dLúcia Elande |
||
| 942 |
_2AGRIS _n0 _cMS |
||
| 999 |
_c270328 _d270328 |
||